Internal-combustion engines (Record no. 20584)

000 -LEADER
fixed length control field 00522nam a22001931 4500
001 - CONTROL NUMBER
control field 20584
003 - CONTROL NUMBER IDENTIFIER
control field BD-DhUET
008 - FIXED-LENGTH DATA ELEMENTS--GENERAL INFORMATION
fixed length control field 750306s1945 nyua b 000 0 eng
040 ## - CATALOGING SOURCE
Original cataloging agency DLC
Transcribing agency DLC
Modifying agency BD-DhUET
082 ## - DEWEY DECIMAL CLASSIFICATION NUMBER
Classification number 621.43
Item number MAL/1945
100 ## - MAIN ENTRY--PERSONAL NAME
Personal name Maleev, V. L.
245 10 - TITLE STATEMENT
Title Internal-combustion engines
Remainder of title theory and design
250 ## - EDITION STATEMENT
Edition statement 2nd ed.
260 ## - PUBLICATION, DISTRIBUTION, ETC. (IMPRINT)
Place of publication, distribution, etc. London
Name of publisher, distributor, etc. McGraw-Hill
Date of publication, distribution, etc. 1945
300 ## - PHYSICAL DESCRIPTION
Extent xii, 636 p.
Other physical details ill.
Dimensions 22 cm.
504 ## - BIBLIOGRAPHY, ETC. NOTE
Bibliography, etc Includes bibliographies
650 #0 - SUBJECT ADDED ENTRY--TOPICAL TERM
Topical term or geographic name as entry element Internal combustion engines
942 ## - ADDED ENTRY ELEMENTS (KOHA)
Koha item type General Book
Holdings
Sublocation or collection (holding branch) Koha date last seen Koha item type Withdrawn status Shelving location Not for loan Date acquired Source of classification or shelving scheme Koha full call number Piece designation (barcode) Koha normalized classification for sorting Copy number Lost status Damaged status Price effective from Location (home branch)
Central Library, BUET2015-04-12General Book Circulation section 2015-04-12 621.43/MAL/194520397621_430000000000000_MAL_19451  2015-04-12Central Library, BUET
Central Library, BUET2015-04-13General Book Circulation section 2015-04-13 621.43/MAL/19456558621_430000000000000_MAL_19452  2015-04-13Central Library, BUET
Central Library, BUET2015-04-13General Book Circulation section 2015-04-13 621.43/MAL/19451951a621_430000000000000_MAL_19453  2015-04-13Central Library, BUET
Central Library, BUET2015-04-18General Book Circulation section 2015-04-18 621.43/MAL/194511309621_430000000000000_MAL_19454  2015-04-18Central Library, BUET
Central Library, BUET2015-06-16Reading Item Reading section 2015-06-16 621.43/MAL/194543348621_430000000000000_MAL_19455  2015-06-16Central Library, BUET
Central Library, BUET2015-06-30Reading Item Reading section 2015-06-30 621.43/MAL/194516327621_430000000000000_MAL_19456  2015-06-30Central Library, BUET
Central Library, BUET2015-07-02Reading Item Reading section 2015-07-02 621.43/MAL/194543347621_430000000000000_MAL_19457  2015-07-02Central Library, BUET